000 00579cas a22002175a 4500
001 L145397
008 031008c2008 xxcqr p 0 a0eng
022 1 _a0827-2697
035 _a(Sirsi) u145397
041 0 _aeng
110 2 _aAppraisal Institute of Canada
_9829
245 0 0 _aCanadian property valuation
260 _aOttowa
_bAIC
_c2008-
362 _a52(3) 2008-
500 _aRuns to issue 6, 2022
651 4 _aCanada
690 _aPROPERTY-PROPERTY APPRAISAL AND VALUATION
780 0 0 _tCanadian property valuation
942 _n0
_2ddc
948 _c09/03/1994
999 _c119200
_d119200